¿Tiene coste para el Pas̕ Vasco su dependencia de Espaą? Algunas claves de la relacin̤ entre el Pas̕ Vasco y Espaą /

Bibliographic Details
Main Author: Goirizelaia Ordorika, Iąki
Other Authors: Garagarza, Maite Zelaia
Format: eBook
Language:Spanish
Published: Madrid: Dykinson, 2018
Subjects:
Online Access:Acceso restringido

MARC

LEADER 00000nam a22000007a 4500
005 20190829010148.0
007 cr|||| ||||
008 190829s2018 es |||||s|||| 00||0 spa d
020 |a 978-84-1324-284-2 
035 |a 24714 
040 |a vLex 
090 |c 9317  |d 9317 
100 1 |a Goirizelaia Ordorika, Iąki 
245 1 0 |a ¿Tiene coste para el Pas̕ Vasco su dependencia de Espaą?  |h [Recurso electrn̤ico] :  |b Algunas claves de la relacin̤ entre el Pas̕ Vasco y Espaą /  |c Iąki Goirizelaia Ordorika, Maite Zelaia Garagarza 
256 |a Servicio en ln̕ea 
260 |a Madrid:  |b Dykinson,  |c 2018 
300 |a 1 recurso electrn̤ico 
500 |a La estructura territorial prevista por la Constitucin̤ Espaǫla de 1978 es, en la actualidad, objeto de debate. No en vano han transcurrido cuarenta aǫs desde la aprobacin̤ del texto constitucional y del diseǫ territorial materializado por los Estatutos de Autonoma̕ sin que se hayan producido modificaciones estructurales sustanciales, salvo las reformas sectoriales operadas sobre los textos estatutarios, que no en el caso del Estatuto de Autonoma̕ del Pas̕ Vasco. Este debate sobre el diseǫ territorial ha adquirido una dimensin̤ jurd̕ica, polt̕ica y econm̤ica extraordinaria y las fr̤mulas de actualizacin̤, reforma y, en su caso, mantenimiento del actual statu quo precisan de anl̀isis previos. Uno de ellos debe ser necesariamente el anl̀isis del coste de la relacin̤ entre el Estado y la correspondiente entidad subestatal, en el caso que nos ocupa, Euskadi. Esta monografa̕ pretende analizar acadm̌icamente la relacin̤ de Euskadi con Espaą, no n︢icamente en clave econm̤ica, sino tambiň en clave polt̕ica, social y cultural. Para ello se acomete un estudio desde distintos m̀bitos como las estructuras de poder y la gobernanza; la educacin̤ y la investigacin̤; la lengua y las seąs de identidad; y la economa̕ y las polt̕icas pb︢licas. La valoracin̤ de si los contenidos de esta monografa̕ sirven para arrojar luz sobre los aspectos clave de las relaciones entre Euskadi y Espaą ser ̀algo que quien lea estas pg̀inas deber ̀realizar. 
506 1 |a Disponible solo en los productos indicados  |d vLex Global  |d vLex Global (Academic Edition, excluding Law Schools)  |d vLex Global (U.S. Academic Edition, Law Schools)  |d vLex Global (U.S. Academic Edition, excluding Law Schools)  |d vLex Global (Academic Edition, Law Schools) 
650 0 4 |a Administracin̤ autonm̤ica  |z Espaą 
650 0 4 |a Administracin̤ local  |z Espaą 
700 1 |a Garagarza, Maite Zelaia 
740 0 |a vLex Libros (Servicio en ln̕ea) 
856 4 0 |u http://vlex.com/source/-tiene-coste-para-el-pais-vasco-su-dependencia-de-espa-a-algunas-claves-de-la-relacion-entre-el-pais-vasco-y-espa-a-24714  |z Acceso restringido 
942 |c BOOK 
999 0 |a Autonomous administration 
999 0 |a Local Administration